Educational work of the churches in 1916-1918 ... (Record no. 20295)

MARC details
000 -LEADER
fixed length control field 01269cam a22003011 4500
001 - CONTROL NUMBER
control field e 19000201
003 - CONTROL NUMBER IDENTIFIER
control field DLC
005 - DATE AND TIME OF LATEST TRANSACTION
control field 20260227111210.0
008 - FIXED-LENGTH DATA ELEMENTS--GENERAL INFORMATION
fixed length control field 970425s1919 dcua f000 0 eng c
010 ## - LIBRARY OF CONGRESS CONTROL NUMBER
LC control number e 19000201
035 ## - SYSTEM CONTROL NUMBER
System control number (OCoLC)36804610
040 ## - CATALOGING SOURCE
Original cataloging agency Library, U.S. Bur. of Education
Transcribing agency OCU
Modifying agency DLC
042 ## - AUTHENTICATION CODE
Authentication code premarc
050 00 - LIBRARY OF CONGRESS CALL NUMBER
Classification number L111
Item number .A6 1919, no. 10
051 ## - LIBRARY OF CONGRESS COPY, ISSUE, OFFPRINT STATEMENT
Classification number LC427
Item number .A2 1919
110 1# - MAIN ENTRY--CORPORATE NAME
Corporate name or jurisdiction name as entry element United States.
Subordinate unit Bureau of Education.
245 10 - TITLE STATEMENT
Title Educational work of the churches in 1916-1918 ...
260 ## - PUBLICATION, DISTRIBUTION, ETC.
Place of publication, distribution, etc. Washington,
Name of publisher, distributor, etc. Govt. Print. Off.,
Date of publication, distribution, etc. 1919.
300 ## - PHYSICAL DESCRIPTION
Extent 53 p.
Other physical details tables.
Dimensions 23 cm.
490 1# - SERIES STATEMENT
Series statement [U.S.] Bureau of Education. Bulletin,
Volume/sequential designation 1919, no.10
500 ## - GENERAL NOTE
General note At head of title: Department of the interior ...
500 ## - GENERAL NOTE
General note Advance sheets from the Biennial survey of education, 1916-1918.
501 ## - WITH NOTE
With note L111.A6 with: Standardization of medical inspection facilities / J. H. Berkowitz. Washington : Govt. Print. Off., 1919. Bound together subsequent to publication.
Institution to which field applies DLC
530 ## - ADDITIONAL PHYSICAL FORM AVAILABLE NOTE
Additional physical form available note Also available in digital form on the Internet Archive Web site.
650 #0 - SUBJECT ADDED ENTRY--TOPICAL TERM
Topical term or geographic name entry element Church schools
Geographic subdivision United States.
830 #0 - SERIES ADDED ENTRY--UNIFORM TITLE
Uniform title Bulletin (United States. Bureau of Education)
Volume/sequential designation 1919, no. 10.
856 41 - ELECTRONIC LOCATION AND ACCESS
Uniform Resource Identifier <a href="http://hdl.loc.gov/loc.gdc/scd0001.00207731626">http://hdl.loc.gov/loc.gdc/scd0001.00207731626</a>

No items available.

Powered by Koha